| 000 | 00428nam a2200193Ia 4500 | ||
|---|---|---|---|
| 005 | 20240823051403.0 | ||
| 008 | 240823s9999||||xx |||||||||||||| ||und|| | ||
| 020 | _a978-81-264-4151-8 | ||
| 041 | _aMALAYALAM | ||
| 082 | _A780.09 Q3 | ||
| 100 | _aMurali V T | ||
| 245 | 0 | _aPattorukkam | |
| 250 | _a1st | ||
| 260 |
_c2013 _b"D C Books,Kot" |
||
| 500 | _aYES | ||
| 650 |
_aNovel _bEnglish |
||
| 942 | _cBK | ||
| 999 |
_c219474 _d219474 |
||